Statistics for Country Collectors players quiz

Click here to take the quiz!

General Stats

  • This quiz has been taken 30 times
  • The average score is 9 of 15

Answer Stats

QuestionAnswer% Correct
Top player from BruneiBongee_38
89%
player with their own club in the forestBoyz
83%
Top player that is from maltazoneoq
83%
cc scammer that was banned and their reporterreporter: Hex / Scammer: Harry
78%
player that made a statue of top player boyzmrbreadthief
72%
Top Irish player that afks oftenNameiguess
72%
Made a group of country collectors that was ripped off by players, even the creator of the game NuaciFelipegamingllamas
67%
Top player that uses a vpn to get everyone an ex pin on the national dayTau
67%
Top player that made a rip off of country collectors but became very popular towards cc playersSaturn
61%
What top player was apparently born in vanuatuAtcmartinfry
56%
Top player that is an admin in such game "Flag Finders*Cam
56%
Andorran player that plays a lotignited_bonnle134
44%
player that got 300 countries in 2 weeks. (Hard to get)Epsilon
33%
player that had the most countries before getting datalossRussianSoldier
33%
Top player with a youtube channel or ccFinter_soyet
28%

Score Distribution

Percentile by Number Answered

Percent of People with Each Score

Your Score History

You have not taken this quiz